[Event "Mittelrhein Verbandsliga-W 1112"]
[Site "Germany"]
[Date "2011.12.11"]
[Round "4.4"]
[White "Memeti, Kastriot"]
[Black "Vorderbruegge, Franz Josef"]
[Result "1-0"]
[WhiteElo "2175"]
[BlackElo "1659"]
[PlyCount "123"]
[EventDate "2011.09.18"]
[EventType "team-tourn"]
[EventRounds "11"]
[EventCountry "GER"]
[SourceTitle "EXT 2013"]
[Source "ChessBase"]
[SourceDate "2012.11.22"]
[SourceVersion "1"]
[SourceVersionDate "2012.11.22"]
[SourceQuality "1"]
[WhiteTeam "Aachen Aufwaerts II"]
[BlackTeam "Wuerselen II"]
[WhiteTeamCountry "GER"]
[BlackTeamCountry "GER"]

1. d4 d5 2. Bf4 Nf6 3. e3 Bf5 4. c4 e6 5. Qb3 Qc8 6. Nc3 c6 7. Rc1 Be7 8. Nf3 0-0 9. h3 Rd8 10. Be2 dxc4 11. Bxc4 Nbd7 12. 0-0 Nb6 13. Be2 Ne4 14. Nxe4 Bxe4 15. Rfd1 Bd6 16. Bxd6 Rxd6 17. Ng5 Bg6 18. Bd3 Bxd3 19. Qxd3 g6 20. Qe4 Qf8 21. Qh4 Qg7 22. Ne4 Rdd8 23. Qe7 Nd7 24. Nd6 Rab8 25. Nxb7 Qf8 26. Qxf8+ Rxf8 27. Na5 Rxb2 28. Nxc6 Rxa2 29. Ra1 Rxa1 30. Rxa1 Ra8 31. Rxa7 Rxa7 32. Nxa7 Kf8 33. Nc6 Ke8 34. Kf1 Nb6 35. Ke2 Kd7 36. Ne5+ Ke7 37. Kd3 f6 38. Nc4 Nd5 39. g3 Kd7 40. e4 Nc7 41. f4 Nb5 42. Ne3 Nd6 43. g4 Ke7 44. h4 Kd7 45. f5 gxf5 46. gxf5 Ne8 47. fxe6+ Kxe6 48. d5+ Kd7 49. Nf5 Nc7 50. Kc4 Na6 51. Kb5 Nc7+ 52. Kb6 Ne8 53. h5 Nc7 54. h6 Ne8 55. Kc5 Nc7 56. Nd4 Ne8 57. Nb5 Nc7 58. Nxc7 Kxc7 59. d6+ Kd8 60. Kc6 Kc8 61. d7+ Kd8 62. Kd6 1-0

[Event "Bad Bertrich Seniors op"]
[Site "Bad Bertrich"]
[Date "2005.12.09"]
[Round "8"]
[White "Vorderbruegge, Franz Josef"]
[Black "Limberg, Siegfried"]
[Result "0-1"]
[WhiteElo "1952"]
[BlackElo "2150"]
[PlyCount "82"]
[EventDate "2005.12.02"]
[EventType "swiss"]
[EventRounds "9"]
[EventCountry "GER"]
[SourceTitle "EXT 2007"]
[Source "ChessBase"]
[SourceDate "2006.11.23"]
[SourceVersion "1"]
[SourceVersionDate "2006.11.23"]
[SourceQuality "1"]

1. d4 Nf6 2. Nf3 b6 3. g3 Bb7 4. Bg2 e6 5. c4 Be7 6. Nc3 0-0 7. 0-0 d6 8. Qc2 Nbd7 9. Bf4 Nh5 10. Be3 f5 11. Rad1 a6 12. Bc1 h6 13. b3 Qe8 14. e3 Nhf6 15. d5 Qh5 16. Nd4 e5 17. Nxf5 Bd8 18. e4 Nh7 19. Qe2 Qg6 20. Rd3 Bc8 21. b4 a5 22. a3 Ndf6 23. Nh4 Qe8 24. f4 exf4 25. gxf4 Nxe4 26. Bxe4 Bxh4 27. Re3 Qf7 28. Bxh7+ Kxh7 29. Ne4 Bd7 30. Ng3 axb4 31. axb4 Kg8 32. Ba3 Bf6 33. Kh1 b5 34. Nh5 bxc4 35. Nxf6+ Qxf6 36. Qxc4 Rfe8 37. Rxe8+ Rxe8 38. Qa2 Bf5 39. Kg1 Bd3 40. Bb2 Qg6+ 41. Kf2 Re2+ 0-1

[Event "Bad Woerishofen Seniors op 21st"]
[Site "Bad Woerishofen"]
[Date "2005.03.07"]
[Round "5"]
[White "Delander, Adolf"]
[Black "Vorderbruegge, Franz Josef"]
[Result "1-0"]
[WhiteElo "2030"]
[BlackElo "1729"]
[PlyCount "95"]
[EventDate "2005.03.03"]
[EventType "swiss"]
[EventRounds "9"]
[EventCountry "GER"]
[SourceTitle "EXT 2006"]
[Source "ChessBase"]
[SourceDate "2005.11.24"]
[SourceVersion "1"]
[SourceVersionDate "2005.11.24"]
[SourceQuality "1"]

1. d4 d5 2. Nf3 Nf6 3. c4 c6 4. Nc3 dxc4 5. a4 Na6 6. e3 Bg4 7. Bxc4 e6 8. h3 Bh5 9. 0-0 Nb4 10. Be2 Be7 11. Ne5 Bxe2 12. Qxe2 0-0 13. Rd1 c5 14. Nf3 Qc7 15. e4 cxd4 16. Nxd4 Qe5 17. Nf3 Qh5 18. Bg5 h6 19. Bxf6 Bxf6 20. e5 Bg5 21. Qe4 Nc6 22. Rd7 Rab8 23. Rad1 Be7 24. Nb5 a6 25. Nbd4 Nxd4 26. Qxd4 Rfe8 27. Qa7 Qf5 28. Rxe7 Qc2 29. Rxe8+ Rxe8 30. Qd4 Rc8 31. Ne1 Qb3 32. Rd3 Qa2 33. Rc3 Rb8 34. Nd3 Qb1+ 35. Rc1 Qa2 36. Qc4 Qxc4 37. Rxc4 b5 38. axb5 axb5 39. Rc3 Kf8 40. Kf1 Ke8 41. b4 Rd8 42. Ke2 Rd4 43. Ke3 Rd8 44. Rc5 Rb8 45. Nc1 Kd7 46. Nb3 f6 47. exf6 gxf6 48. Rh5 1-0

[Event "Bad Woerishofen Seniors op 19th"]
[Site "Bad Woerishofen"]
[Date "2003.03.18"]
[Round "6"]
[White "Lange, Detlef"]
[Black "Vorderbruegge, Franz Josef"]
[Result "1/2-1/2"]
[WhiteElo "1699"]
[BlackElo "1766"]
[PlyCount "63"]
[EventDate "2003.03.13"]
[EventType "swiss"]
[EventRounds "9"]
[EventCountry "GER"]
[SourceTitle "EXT 2004"]
[Source "ChessBase"]
[SourceDate "2003.11.25"]
[SourceVersion "1"]
[SourceVersionDate "2003.11.25"]
[SourceQuality "1"]

1. e4 c6 2. d4 d5 3. e5 Bf5 4. Nc3 e6 5. g4 Bg6 6. h4 h6 7. Bd3 Bxd3 8. Qxd3 Qa5 9. Nge2 c5 10. Qb5+ Qxb5 11. Nxb5 Kd7 12. c4 a6 13. Nbc3 cxd4 14. Nxd4 dxc4 15. Na4 Bb4+ 16. Ke2 Kc7 17. a3 Be7 18. Be3 b5 19. Nc3 Nc6 20. f4 Nxd4+ 21. Bxd4 Kc6 22. Rad1 Bd8 23. Ne4 Ne7 24. Rc1 Bb6 25. Bxb6 Kxb6 26. Rhd1 Nd5 27. Kf3 Rac8 28. f5 Rhf8 29. Nd6 Rc6 30. Ke4 c3 31. b3 a5 32. Nxf7 1/2-1/2

[Event "Bad Woerishofen Seniors op 19th"]
[Site "Bad Woerishofen"]
[Date "2003.03.17"]
[Round "5"]
[White "Vorderbruegge, Franz Josef"]
[Black "Mentel, Juergen"]
[Result "0-1"]
[WhiteElo "1766"]
[BlackElo "2078"]
[PlyCount "98"]
[EventDate "2003.03.13"]
[EventType "swiss"]
[EventRounds "9"]
[EventCountry "GER"]
[SourceTitle "EXT 2004"]
[Source "ChessBase"]
[SourceDate "2003.11.25"]
[SourceVersion "1"]
[SourceVersionDate "2003.11.25"]
[SourceQuality "1"]

1. d4 d6 2. c4 e5 3. dxe5 dxe5 4. Qxd8+ Kxd8 5. Nc3 Be6 6. b3 Bb4 7. Bb2 c6 8. a3 Be7 9. g3 a5 10. Bh3 Bxh3 11. Nxh3 Nd7 12. Ne4 f6 13. e3 Nh6 14. Ng1 Kc7 15. Nf3 Nf7 16. Ke2 Nd8 17. Rhd1 Ne6 18. Bc3 Nec5 19. Ned2 Rhd8 20. Ne1 Nf8 21. Rdb1 Nfe6 22. Ra2 b6 23. a4 Na6 24. Nd3 g6 25. h3 Rd7 26. b4 Rad8 27. Nxe5 fxe5 28. bxa5 Nec5 29. axb6+ Kb7 30. Bxe5 Nxa4 31. Rxa4 Rxd2+ 32. Ke1 Rc2 33. Rba1 Ra8 34. g4 Bb4+ 35. Kf1 Rxc4 36. Bc7 Rc2 37. Rb1 c5 38. Rd1 Nxc7 39. Rxa8 Nxa8 40. Rd7+ Kxb6 41. Rxh7 Rd2 42. Kg2 c4 43. h4 c3 44. Rh8 Nc7 45. Rb8+ Kc5 46. Rc8 Rd7 47. h5 gxh5 48. g5 c2 49. f4 c1Q 0-1

[Event "Bad Woerishofen Seniors op 19th"]
[Site "Bad Woerishofen"]
[Date "2003.03.15"]
[Round "3"]
[White "Johannsen, Ingbert"]
[Black "Vorderbruegge, Franz Josef"]
[Result "1-0"]
[WhiteElo "2078"]
[BlackElo "1766"]
[PlyCount "53"]
[EventDate "2003.03.13"]
[EventType "swiss"]
[EventRounds "9"]
[EventCountry "GER"]
[SourceTitle "EXT 2004"]
[Source "ChessBase"]
[SourceDate "2003.11.25"]
[SourceVersion "1"]
[SourceVersionDate "2003.11.25"]
[SourceQuality "1"]

1. e4 c6 2. d3 d5 3. f3 e5 4. g3 Nf6 5. Bg2 Bc5 6. Qe2 0-0 7. Nd2 Qb6 8. Nh3 Na6 9. Nb3 Bd6 10. Be3 Qd8 11. 0-0 Bd7 12. Kh1 Qc8 13. Nf2 c5 14. Bg5 Be6 15. Bxf6 gxf6 16. exd5 Bxd5 17. Ng4 Qe6 18. Ne3 Bc6 19. Na5 Bd7 20. f4 Bc7 21. f5 Qe8 22. Nd5 Qd8 23. Nxb7 Rb8 24. Nxd8 Rbxd8 25. Qg4+ Kh8 26. Qh4 Kg7 27. Qxf6+ 1-0

[Event "Bad Woerishofen Seniors op 19th"]
[Site "Bad Woerishofen"]
[Date "2003.03.13"]
[Round "1"]
[White "Vorderbruegge, Franz Josef"]
[Black "Bierwisch, Bernhard"]
[Result "1-0"]
[WhiteElo "1766"]
[BlackElo "2184"]
[PlyCount "51"]
[EventDate "2003.03.13"]
[EventType "swiss"]
[EventRounds "9"]
[EventCountry "GER"]
[SourceTitle "EXT 2004"]
[Source "ChessBase"]
[SourceDate "2003.11.25"]
[SourceVersion "1"]
[SourceVersionDate "2003.11.25"]
[SourceQuality "1"]

1. d4 Nf6 2. c4 g6 3. Nf3 Bg7 4. Nc3 d6 5. g3 0-0 6. Bg2 Nbd7 7. 0-0 c6 8. h3 e5 9. e4 Qc7 10. Be3 Nb6 11. b3 Re8 12. Rc1 h6 13. Qd2 Kh7 14. Rfd1 Be6 15. d5 Bd7 16. dxc6 Bxc6 17. Qxd6 Qxd6 18. Rxd6 Nxe4 19. Nxe4 Bxe4 20. Ng5+ hxg5 21. Bxe4 Bf8 22. Rd3 Ba3 23. Rcd1 Re7 24. Bxg5 Rc7 25. Bf6 Bf8 26. Bd8 1-0

[Event "Bad Bertrich Seniors op 4th"]
[Site "Bad Bertrich"]
[Date "2003.??.??"]
[Round "9"]
[White "Vorderbruegge, Franz Josef"]
[Black "Schumacher, Helmut"]
[Result "1/2-1/2"]
[WhiteElo "2000"]
[BlackElo "2135"]
[PlyCount "33"]
[EventDate "2003.12.??"]
[EventType "swiss"]
[EventRounds "9"]
[EventCountry "GER"]
[SourceTitle "EXT 2007"]
[Source "ChessBase"]
[SourceDate "2006.11.23"]
[SourceVersion "1"]
[SourceVersionDate "2006.11.23"]
[SourceQuality "1"]

1. d4 d5 2. c4 e6 3. cxd5 exd5 4. Nc3 c6 5. Nf3 Bf5 6. Bg5 Be7 7. Bxe7 Qxe7 8. e3 Nd7 9. Bd3 Bxd3 10. Qxd3 Ngf6 11. 0-0 Ne4 12. Rab1 a5 13. Qc2 f5 14. a3 0-0 15. b4 axb4 16. axb4 Ra3 17. Rb3 1/2-1/2

[Event "Bad Woerishofen Seniors op 18th"]
[Site "Bad Woerishofen"]
[Date "2002.03.10"]
[Round "4"]
[White "Leschhorn, Heinrich"]
[Black "Vorderbruegge, Franz Josef"]
[Result "0-1"]
[WhiteElo "1846"]
[BlackElo "1761"]
[PlyCount "66"]
[EventDate "2002.03.??"]
[EventType "swiss"]
[EventRounds "9"]
[EventCountry "GER"]
[SourceTitle "EXT 2006"]
[Source "ChessBase"]
[SourceDate "2005.11.24"]
[SourceVersion "1"]
[SourceVersionDate "2005.11.24"]
[SourceQuality "1"]

1. Nf3 d5 2. c4 c6 3. b3 Nf6 4. g3 g6 5. Bb2 Qb6 6. Qc1 Bg7 7. Bg2 0-0 8. 0-0 Na6 9. d3 Nc7 10. Nbd2 h6 11. Rb1 Ne6 12. b4 Re8 13. a4 d4 14. c5 Qxb4 15. Bxd4 Nxd4 16. Rxb4 Nxe2+ 17. Kh1 Nxc1 18. Rxc1 Nd5 19. Rb3 Rd8 20. Nc4 Rd7 21. Na5 Rc7 22. d4 Kf8 23. Re1 Bf6 24. h4 Rb8 25. Reb1 e6 26. Nc4 Be7 27. Nfe5 Kg7 28. Nd6 Bd7 29. Ndxf7 b5 30. Nxd7 Rxd7 31. Ne5 Rc7 32. axb5 cxb5 33. Rxb5 Rbc8 0-1